The Seven Deadly Sins [modern and medieval names] - Statistics

General Stats
  • This quiz has been taken 65 times
  • The average score is 7 of 14
Answer Stats
The Seven Deadly Sins % Correct
Gluttony
95%
Lust
95%
Greed
93%
Sloth
86%
Wrath
86%
Envy
84%
Pride
82%
Ira
7%
Gula
5%
Luxuria
5%
Acedia
4%
Avaritia
4%
Invidia
4%
Superbia
4%
No matching quizzes found
Score Distribution
Percent of People with Each Score
Percentile by Number Answered
Your Score History
You have not taken this quiz